La teología de San Pablo

Gorde:
Xehetasun bibliografikoak
Egile nagusia: Prat, Ferdinand (Egilea)
Formatua: Liburua
Hizkuntza:gaztelania
Argitaratua: Ciudad de México Jus 1947
Saila:Biblioteca de Teología Histórica
Gaiak:
Etiketak: Etiketa erantsi
Etiketarik gabe, Izan zaitez lehena erregistro honi etiketa jartzen!

MARC

LEADER 00000nam a2200000 a 4500
001 UCL2249
003 CL-VaPUC
008 031017e19470000MX |||||||||||||||||spa|d
082 0 4 |a 227  |b PRA  |2 21 
100 0 |a Prat, Ferdinand  |e author  |9 479302 
245 1 3 |a La teología de San Pablo 
300 |a v 
942 |c BK 
945 |d 20031017 00:00:00  |a vberengu 
260 |a Ciudad de México  |b Jus  |c 1947 
600 0 |a Pablo de Tarso, Santo  |9 321163 
650 0 |a Epístolas  |9 321181 
650 0 |a Sacramentos   |9 257270 
650 7 |a MATRIMONIO  |2 CL-VaPUC  |9 479303 
650 0 |a Eucaristía  |9 257336 
650 7 |a RESURRECCION  |2 CL-VaPUC  |9 314406 
650 0 |a Cristología   |9 315091 
583 |a last modification  |c 20031017 00:00:00  |k Rodrigo Vera 
490 0 |a Biblioteca de Teología Histórica 
999 |c 305600  |d 305598 
952 |0 0  |1 0  |4 0  |6 227_000000000000000_PRA_1947  |7 0  |8 P  |9 369719  |a BIBTEO  |b BIBTES  |c TEO_FTES  |d 2019-11-21  |h v.1  |i 2090104  |o 227 PRA 1947  |p 2090104  |r 2024-01-18  |w 2019-11-21  |y BK  |k ICR 
952 |0 0  |1 0  |4 0  |6 227_000000000000000_PRA_1947  |7 0  |8 P  |9 369720  |a BIBTEO  |b BIBTES  |c TEO_FTES  |d 2019-11-21  |h v.1  |i 2090112  |o 227 PRA 1947  |p 2090112  |r 2024-01-18  |w 2019-11-21  |y BK  |k ICR 
952 |0 0  |1 0  |4 0  |6 227_000000000000000_PRA_1947  |7 0  |8 P  |9 369721  |a BIBTEO  |b BIBTES  |c TEO_FTES  |d 2019-11-21  |h v.1  |i 2090120  |o 227 PRA 1947  |p 2090120  |r 2024-01-18  |w 2019-11-21  |y BK  |k ICR 
952 |0 0  |1 0  |4 0  |6 227_000000000000000_PRA_1947  |7 0  |8 P  |9 369722  |a BIBTEO  |b BIBTES  |c TEO_FTES  |d 2019-11-21  |h v.1  |i 2091399  |o 227 PRA 1947  |p 2091399  |r 2024-01-18  |w 2019-11-21  |y BK  |k ICR 
952 |0 0  |1 0  |4 0  |6 227_000000000000000_PRA_1947  |7 0  |8 P  |9 369723  |a BIBTEO  |b BIBTES  |c TEO_FTES  |d 2019-11-21  |h v.2  |i 2101807  |o 227 PRA 1947  |p 2101807  |r 2024-01-18  |w 2019-11-21  |y BK  |k ICR